000
00244 a2200109 4500
001
68480
040
_c
Anchieta - Itaigara
240
1
0
_a
Equinodermos., Artrópodes
_l
245
1
0
_a
Equinodermos., Artrópodes
650
4
_a
Artrópodes
942
_c
MU
999
_c
68480
_d
68480